| 000 | 00343nam a2200133Ia 4500 | ||
|---|---|---|---|
| 008 | 230917s9999||||xx |||||||||||||| ||und|| | ||
| 040 |
_e209766 _aMAIN |
||
| 041 | _aEnglish | ||
| 082 | _a340.03 W891W | ||
| 245 | 0 | _aWords and phrases 1658 to date: V1-A-Accident | |
| 260 |
_bWest Publishing _c1964 |
||
| 300 | _aXXXVIII, 653 p. | ||
| 942 | _cBK | ||
| 999 |
_c222768 _d222768 |
||